Některé základní funkce vymezuje definice obalu

Charakteristika pojmov: primárny obal, sekundárny obal, obchodný obal, prepravný obal, pomocný obalový prostriedok, vratný obal, nevratný obal. Jednotlivý obal a skupinové balenie. Typy obalu podľa materiálu. Obal ako významný prvok marketingovej komunikácie. Dôležitosť kvalitného obalu.

Salvato in:
Dettagli Bibliografici
Autore principale: Cempírek, Václav
Natura: Capitolo di libro
Lingua:ceco
Soggetti:
Tags: Aggiungi Tag
Nessun Tag, puoi essere il primo ad aggiungerne!!

MARC

LEADER 00000naa$a2200000$$$4500
001 0074603
005 20231128134531.5
041 0 |a cze 
044 |a CZ 
245 1 0 |a Některé základní funkce vymezuje definice obalu  |c Václav Cempírek 
520 |a Charakteristika pojmov: primárny obal, sekundárny obal, obchodný obal, prepravný obal, pomocný obalový prostriedok, vratný obal, nevratný obal. Jednotlivý obal a skupinové balenie. Typy obalu podľa materiálu. Obal ako významný prvok marketingovej komunikácie. Dôležitosť kvalitného obalu. 
610 2 0 |a obaly 
610 2 0 |a balenie 
610 2 0 |a tovar 
610 2 0 |a dizajn 
610 2 0 |a kvalita 
610 2 0 |a materiál 
610 2 0 |a komunikácia marketingová 
610 2 0 |a marketing mix 
100 1 |a Cempírek, Václav